[Event "Frankfurt Ch 2013"]
[Site "Ffm-Kalbach, LAZ"]
[Date "2013.05.13"]
[Round "3.52"]
[White "Mühlbach, Christian"]
[Black "Paaßen, Klaus"]
[Result "1-0"]
[WhiteElo "1634"]
[BlackElo "1439"]
[PlyCount "51"]
[EventDate "2013.??.??"]
[WhiteTeam "SK Langen"]
[BlackTeam "SV 1926 Fechenheim"]

1. Nf3 Nf6 2. c4 c5 3. b3 d6 4. Bb2 e6 5. g3 Be7 6. Bg2 Nc6 7. O-O O-O 8. e3
Qc7 9. Qe2 Re8 10. d4 cxd4 11. exd4 Bd7 12. Nbd2 d5 13. Ne5 Rad8 14. Rac1 Bf8
15. f4 Bc8 16. g4 Qe7 17. c5 a6 18. Nxc6 bxc6 19. Rc3 Qa7 20. b4 e5 21. fxe5
Nxg4 22. Rg3 f5 23. h3 Nf6 24. a4 g6 25. Ra1 Nh5 26. Qxh5 1-0

[Event "Frankfurt Ch 2013"]
[Site "Ffm-Kalbach, LAZ"]
[Date "2013.05.13"]
[Round "3.53"]
[White "Honert, Stefan"]
[Black "Mehl, Ulrich"]
[Result "1/2-1/2"]
[WhiteElo "1304"]
[BlackElo "1589"]
[PlyCount "113"]
[EventDate "2013.??.??"]
[WhiteTeam "Sfr. Frankfurt 1921"]
[BlackTeam "TSG Nieder-Erlenbach 1888"]

1. d4 d5 2. c4 e6 3. Nf3 Nf6 4. Nc3 b6 5. cxd5 exd5 6. Bf4 Bd6 7. Bxd6 Qxd6 8.
e3 O-O 9. Be2 Bf5 10. O-O c6 11. Rc1 Nbd7 12. a3 c5 13. dxc5 bxc5 14. Nh4 Be6
15. Qc2 Rac8 16. Rfd1 Qe7 17. Nf3 Nb6 18. Rd2 g6 19. Qd1 Rfd8 20. Na2 d4 21.
exd4 Bxa2 22. b3 Bxb3 23. Qxb3 cxd4 24. Rxc8 Rxc8 25. Qb2 Rc3 26. h3 Qxa3 27.
Qxa3 Rxa3 28. Nxd4 Ra1+ 29. Kh2 Ne4 30. Rc2 Nd6 31. f3 Ra4 32. Rd2 Nbc4 33.
Bxc4 Nxc4 34. Rc2 Kf8 35. Kg3 Ke8 36. Ne2 Nd6 37. h4 Kd7 38. Ng1 h5 39. Kf2
Rxh4 40. Nh3 Rc4 41. Ra2 Nb5 42. Ra6 Rc6 43. Ra5 Rb6 44. Ng5 f5 45. f4 a6 46.
Nf3 Nc7 47. Ne5+ Kc8 48. Kg3 Rb5 49. Rxb5 axb5 50. Nxg6 Kd7 51. Ne5+ Ke6 52.
Kh4 Nd5 53. g3 Ne3 54. Kxh5 b4 55. Nd3 Nd5 56. g4 fxg4 57. Kxg4 1/2-1/2

[Event "Frankfurt Ch 2013"]
[Site "Ffm-Kalbach, LAZ"]
[Date "2013.05.13"]
[Round "3.54"]
[White "Günther, Rainer"]
[Black "Stulken, Dietmar"]
[Result "1-0"]
[WhiteElo "1573"]
[BlackElo "1427"]
[PlyCount "101"]
[EventDate "2013.??.??"]
[WhiteTeam "SV Mainz-Mombach"]
[BlackTeam "Sfr. Frankfurt 1921"]

1. e4 e5 2. Bc4 Nf6 3. d3 c6 4. Bg5 Be7 5. Nf3 d6 6. Nbd2 O-O 7. c3 Nbd7 8. b4
b5 9. Bb3 Nb6 10. Nf1 Qc7 11. Ne3 Ne8 12. Bxe7 Qxe7 13. O-O Be6 14. Qe2 h6 15.
Rad1 Bxb3 16. axb3 d5 17. exd5 cxd5 18. Nf5 Qc7 19. Qxe5 Qxe5 20. Nxe5 f6 21.
Nc6 Kh7 22. Rfe1 a6 23. Re6 Rc8 24. Nfe7 Rc7 25. Rde1 Rb7 26. Ra1 Nc7 27. Re3
Nc8 28. Nxc8 Rxc8 29. Ne7 Rd8 30. d4 Rb6 31. Nf5 Re8 32. Rxe8 Nxe8 33. Re1 Nd6
34. Re6 Rc6 35. Rxd6 Rxc3 36. g3 Rxb3 37. Rxd5 Rxb4 38. Rd7 Kg8 39. Rxg7+ Kf8
40. d5 Rb1+ 41. Kg2 Rd1 42. d6 b4 43. Ra7 b3 44. Rb7 Rd5 45. Rxb3 Rxf5 46. Rb8+
Kf7 47. d7 Rd5 48. d8=Q Rxd8 49. Rxd8 Ke7 50. Ra8 Kd7 51. Rxa6 1-0

[Event "Frankfurt Ch 2013"]
[Site "Ffm-Kalbach, LAZ"]
[Date "2013.05.13"]
[Round "3.56"]
[White "Panosch, Walter"]
[Black "Muthig, Holger"]
[Result "1/2-1/2"]
[WhiteElo "1503"]
[BlackElo "1603"]
[PlyCount "130"]
[EventDate "2013.??.??"]
[WhiteTeam "SC Matt im Park Ffm"]
[BlackTeam "Sfr. Frankfurt 1921"]

1. d4 Nf6 2. Nf3 e6 3. Bg5 d5 4. e3 Nbd7 5. Nbd2 Be7 6. Bd3 O-O 7. O-O c5 8. c3
cxd4 9. cxd4 h6 10. Bh4 b6 11. Bg3 Bb7 12. Qe2 Ne4 13. Bxe4 dxe4 14. Ne5 Nxe5
15. Bxe5 f5 16. f4 Rc8 17. Rac1 Qd7 18. b3 Ba3 19. Rxc8 Rxc8 20. Nc4 Ba6 21.
Qh5 Bxc4 22. bxc4 Rxc4 23. g4 Qf7 24. Qxf7+ Kxf7 25. gxf5 exf5 26. d5 g6 27. d6
Ke6 28. Rd1 Kd7 29. h4 h5 30. Rd2 Rc1+ 31. Kh2 Rc8 32. Kh3 Bc5 33. Re2 Re8 34.
Kg3 Re6 35. Kf2 Bxd6 36. Rd2 Ke7 37. Bd4 Bb4 38. Rc2 Kf7 39. Rc7+ Re7 40. Rc6
Rd7 41. Rf6+ Kg8 42. Rxg6+ Kh7 43. Rg5 Kh6 44. Rxf5 Rc7 45. Rf6+ Kh7 46. f5
Rc2+ 47. Kg3 Be1+ 48. Kh3 Rxa2 49. Rf7+ Kg8 50. Rg7+ Kf8 51. Rh7 Rf2 52. Rxh5
Rf3+ 53. Kg2 Kg8 54. Rh8+ Kf7 55. f6 Bd2 56. Rh7+ Kg6 57. Rxa7 Bxe3 58. Bxe3
Rxe3 59. f7 Kg7 60. h5 Rf3 61. Re7 Rxf7 62. Rxe4 Rf6 63. Kh3 b5 64. Kh4 Kh6 65.
Re8 Rb6 1/2-1/2

[Event "Frankfurt Ch 2013"]
[Site "Ffm-Kalbach, LAZ"]
[Date "2013.05.13"]
[Round "3.57"]
[White "Steiz, Johann"]
[Black "Hartmann, Stephan"]
[Result "1-0"]
[WhiteElo "1603"]
[BlackElo "1471"]
[PlyCount "65"]
[EventDate "2013.??.??"]
[WhiteTeam "ESV Grossenbaum 1973"]
[BlackTeam "SG Turm Idstein"]

1. c4 c5 2. Nc3 b6 3. Nf3 g6 4. g3 Bg7 5. Bg2 Bb7 6. O-O e6 7. e3 Ne7 8. d4 O-O
9. e4 cxd4 10. Nxd4 Nbc6 11. Be3 Rb8 12. Qd2 f5 13. f4 e5 14. Ndb5 Na5 15. Nd6
Qc7 16. b3 Bxe4 17. Ndxe4 fxe4 18. Bxe4 exf4 19. Bxf4 Qc5+ 20. Kh1 Rbe8 21.
Rad1 Rd8 22. Nd5 Nxd5 23. Bxd5+ Kh8 24. b4 Nxc4 25. bxc5 Nxd2 26. Rxd2 bxc5 27.
Rfd1 Bd4 28. Bc4 Kg7 29. Rd3 Rde8 30. Ra3 h6 31. Rxa7 g5 32. Rxd7+ Kf6 33. Bd6
1-0

[Event "Frankfurt Ch 2013"]
[Site "Ffm-Kalbach, LAZ"]
[Date "2013.05.13"]
[Round "3.58"]
[White "Reichel, Rolf"]
[Black "Lopez, Victor"]
[Result "1-0"]
[WhiteElo "1580"]
[BlackElo "1430"]
[PlyCount "105"]
[EventDate "2013.??.??"]
[WhiteTeam "Sfr. Frankfurt 1921"]
[BlackTeam "SC 1910 Höchst"]

1. e4 e5 2. Nf3 d6 3. d4 exd4 4. Qxd4 Nf6 5. Nc3 Be7 6. Bb5+ Bd7 7. O-O Nc6 8.
Qe3 O-O 9. a3 Re8 10. b4 a5 11. Bxc6 bxc6 12. bxa5 Rxa5 13. Nd4 Ng4 14. Qe2 Bf6
15. Qd2 Rh5 16. h3 Ne5 17. f4 Nc4 18. Qd3 c5 19. Nde2 Nb6 20. Qf3 g6 21. Rb1
Bxc3 22. Nxc3 Bc6 23. g4 Rh4 24. Nd5 Bxd5 25. exd5 Qe7 26. Bd2 Qe2 27. Qg3 Rxg4
28. hxg4 Qxd2 29. Qd3 Qxd3 30. cxd3 Nxd5 31. a4 Ra8 32. Ra1 Nc3 33. a5 Nd5 34.
g5 Kf8 35. Kh2 Nb4 36. Rfd1 Ke7 37. Kg3 Ke6 38. Re1+ Kd7 39. Rh1 Nxd3 40. Rxh7
Ke6 41. Rh2 d5 42. a6 Ra7 43. Ra5 Kd6 44. Rh7 Ke6 45. Kf3 c6 46. Rh8 c4 47. Rb8
Kd6 48. Ke3 c5 49. Rb6+ Kc7 50. Rf6 Kc8 51. Rxf7 Kb8 52. Rb5+ Ka8 53. Rf8# 1-0

[Event "Frankfurt Ch 2013"]
[Site "Ffm-Kalbach, LAZ"]
[Date "2013.05.13"]
[Round "3.59"]
[White "Romacker, Harald"]
[Black "Bergner, Matthias"]
[Result "0-1"]
[WhiteElo "1444"]
[BlackElo "1574"]
[PlyCount "92"]
[EventDate "2013.??.??"]
[WhiteTeam "SC Steinbach"]
[BlackTeam "SV 1926 Neu-Isenburg"]

1. e4 e6 2. d4 d5 3. Nc3 c6 4. Bd3 Bb4 5. Bd2 Ne7 6. Nf3 dxe4 7. Bxe4 Nd5 8.
O-O Nxc3 9. Bxc3 Bxc3 10. bxc3 Nd7 11. c4 Nf6 12. Bd3 O-O 13. Ne5 g6 14. c3 Nd7
15. Ng4 h5 16. Ne3 Kg7 17. f4 f5 18. c5 b5 19. a4 bxa4 20. Qxa4 Qc7 21. Qc2 Nf6
22. Nc4 Ng4 23. h3 Nf6 24. Ne5 Nd7 25. Nc4 Nf6 26. Rae1 Bd7 27. Ne5 Nd5 28. Rf3
Rf6 29. Nc4 Nxf4 30. Ne5 g5 31. h4 Nxd3 32. Qxd3 g4 33. Rfe3 Be8 34. Nc4 Bf7
35. Nd6 f4 36. Re5 f3 37. Rg5+ Bg6 38. Rf1 Kh6 39. Rxg6+ Rxg6 40. Qe3+ Kh7 41.
Qe5 Qg7 42. Qe4 Rf8 43. Qxc6 f2+ 44. Kh2 g3+ 45. Kh3 Rgf6 46. Ne4 Qg4# 0-1

[Event "Frankfurt Ch 2013"]
[Site "Ffm-Kalbach, LAZ"]
[Date "2013.05.13"]
[Round "3.60"]
[White "Zerhusen, Martin"]
[Black "Bernhardt, Winfried"]
[Result "1-0"]
[WhiteElo "1568"]
[BlackElo "1359"]
[PlyCount "119"]
[EventDate "2013.??.??"]
[WhiteTeam "SV Oberursel"]
[BlackTeam "SV 1997 Nauheim"]

1. d4 e6 2. c4 Nf6 3. Nf3 Be7 4. Nc3 c6 5. a3 b6 6. Bg5 d6 7. e3 h6 8. Bh4 Nh7
9. Bg3 Ng5 10. Be2 Ba6 11. b3 d5 12. cxd5 Bxe2 13. Qxe2 exd5 14. O-O O-O 15.
Rfc1 b5 16. Nd1 Nxf3+ 17. Qxf3 Bd6 18. Nb2 Qe7 19. Bxd6 Qxd6 20. Nd3 a5 21. Nc5
f5 22. g3 Ra7 23. Rc2 Rf6 24. Qf4 Qd8 25. Qf3 Re7 26. Rac1 Qe8 27. Nd3 h5 28.
h4 Qg6 29. Ne5 Qe8 30. Nd3 Qg6 31. Nf4 Qg4 32. Kg2 Qxf3+ 33. Kxf3 g6 34. Ke2
Kg7 35. Nd3 Kh6 36. Ne5 Ree6 37. f4 Kg7 38. Rc5 Kf8 39. a4 bxa4 40. bxa4 Re7
41. Rxa5 Rb7 42. Ra8 Kg7 43. Kd3 Rb6 44. Kc2 Na6 45. Ra7+ Kg8 46. Ra8+ Kg7 47.
Nd7 Nb4+ 48. Kd1 Rb7 49. Nxf6 Kxf6 50. a5 Re7 51. Kd2 Rc7 52. a6 Ke7 53. Rb1
Nxa6 54. Rxa6 Kd7 55. Rba1 Rb7 56. Ra7 Kc7 57. Rxb7+ Kxb7 58. Kc3 Kb6 59. Kb4
Kb7 60. Kc5 1-0

[Event "Frankfurt Ch 2013"]
[Site "Ffm-Kalbach, LAZ"]
[Date "2013.05.13"]
[Round "3.61"]
[White "Willenbring, Jens-Dirk"]
[Black "Herwig-Päutz, Martin"]
[Result "1-0"]
[WhiteElo "1551"]
[BlackElo "1321"]
[PlyCount "127"]
[EventDate "2013.??.??"]
[WhiteTeam "Bad Vilbeler Sfr.1985"]
[BlackTeam "Sfr.1891 Friedberg"]

1. d4 g6 2. Nf3 d6 3. e4 Bg4 4. h3 Bxf3 5. Qxf3 Bg7 6. Bc4 e6 7. c3 Ne7 8. Bg5
c6 9. Nd2 d5 10. Bb3 a5 11. O-O a4 12. Bc2 O-O 13. exd5 f6 14. Bh4 cxd5 15.
Rfe1 Qb6 16. Rab1 Nd7 17. Qe2 e5 18. f3 Nc6 19. Bf2 Qc7 20. Qb5 Ra5 21. Qe2 f5
22. b4 axb3 23. Bxb3 Nf6 24. dxe5 Re8 25. f4 Nh5 26. Qf3 Qd7 27. Nf1 Bf8 28.
Ne3 Ne7 29. Rbd1 Kg7 30. Nxd5 Nxd5 31. Rxd5 Rxd5 32. Bxd5 Nxf4 33. Bxb7 Qc7 34.
Bd4 Ne6 35. Qc6 Qxc6 36. Bxc6 Rd8 37. Bf2 Rd2 38. a4 Rc2 39. Bd7 Nc5 40. e6 Be7
41. Bd4+ Kf8 42. Rb1 Nxd7 43. exd7 Bd8 44. Re1 Kf7 45. Re8 Rc1+ 46. Kf2 Rc2+
47. Kf3 Bc7 48. d8=Q Bxd8 49. Rxd8 Ra2 50. Rd7+ Ke6 51. Rxh7 Rxa4 52. Rg7 Ra1
53. Rxg6+ Kd5 54. h4 Rf1+ 55. Ke2 Rh1 56. g3 Ke4 57. Re6+ Kd5 58. Re5+ Kc4 59.
Rxf5 Ra1 60. h5 Ra2+ 61. Kf3 Ra1 62. h6 Kd3 63. h7 Rf1+ 64. Kg4 1-0

[Event "Frankfurt Ch 2013"]
[Site "Ffm-Kalbach, LAZ"]
[Date "2013.05.13"]
[Round "3.62"]
[White "Lehmann, Gerit"]
[Black "Lanz, Jürgen"]
[Result "0-1"]
[WhiteElo "1437"]
[BlackElo "1549"]
[PlyCount "116"]
[EventDate "2013.??.??"]
[WhiteTeam "Sfr. Frankfurt 1921"]
[BlackTeam "SC 1979 Hattersheim"]

1. d4 Nf6 2. Nf3 d5 3. Bf4 Nh5 4. Bc1 e6 5. Bg5 Be7 6. Bxe7 Qxe7 7. c3 O-O 8.
e3 Nf6 9. Nbd2 b6 10. Be2 c5 11. b3 Bb7 12. Ne5 Nfd7 13. Nxd7 Nxd7 14. Nf3 f6
15. O-O Rac8 16. Qd2 Kh8 17. a4 a5 18. Rab1 Ra8 19. Bb5 Rfc8 20. c4 dxc4 21.
dxc5 Rd8 22. Qd6 Qxd6 23. cxd6 cxb3 24. Rxb3 Nc5 25. Rbb1 Rxd6 26. Nd4 Be4 27.
Rbd1 Rad8 28. f3 Bc2 29. Ra1 Bd3 30. Bxd3 Nxd3 31. Ra3 Nb4 32. Rc1 e5 33. Nb5
Rd1+ 34. Rxd1 Rxd1+ 35. Kf2 Rd2+ 36. Kg3 Rd3 37. e4 Kg8 38. Rxd3 Nxd3 39. Nc3
Nc5 40. Kf2 Kf7 41. Ke3 Ke6 42. h4 Kd6 43. f4 exf4+ 44. Kxf4 Nd3+ 45. Kf5 Kc5
46. Ke6 Nf4+ 47. Kf7 Nxg2 48. Kxg7 Nxh4 49. Kxf6 Ng6 50. e5 Kc4 51. Ne4 Nxe5
52. Kxe5 Kb4 53. Kd4 Kxa4 54. Nc3+ Kb3 55. Nd5 a4 56. Nxb6 a3 57. Nc4 a2 58.
Nd2+ Kc2 0-1

[Event "Frankfurt Ch 2013"]
[Site "Ffm-Kalbach, LAZ"]
[Date "2013.05.13"]
[Round "3.63"]
[White "Mayer, Andreas"]
[Black "Gottschlich, Alexander"]
[Result "0-1"]
[WhiteElo "1406"]
[BlackElo "1524"]
[PlyCount "72"]
[EventDate "2013.??.??"]
[WhiteTeam "Sfr. Frankfurt 1921"]
[BlackTeam "SV 1920 Hofheim"]

1. c4 Nf6 2. Nc3 e6 3. d4 Bb4 4. Qc2 O-O 5. g3 c5 6. a3 Bxc3+ 7. Qxc3 cxd4 8.
Qxd4 Nc6 9. Qc3 b6 10. Bg2 Bb7 11. e3 Rc8 12. Qd2 Ba6 13. b3 d5 14. cxd5 exd5
15. Ne2 Ne4 16. Qb2 Qc7 17. O-O Ne5 18. Bxe4 dxe4 19. Rd1 Bxe2 20. Qxe2 Nd3 21.
Bb2 Qc2 22. Rd2 Qxb3 23. Bd4 Rc7 24. Qg4 f5 25. Qh3 g6 26. a4 Rfc8 27. Qh6 Qb4
28. Rc2 Qe7 29. Rca2 Rc1+ 30. Rxc1 Rxc1+ 31. Kg2 Ne1+ 32. Kh3 Nf3 33. Ra1 Rc2
34. Kg2 Nxd4 35. exd4 e3 36. Ra3 Qxa3 0-1

[Event "Frankfurt Ch 2013"]
[Site "Ffm-Kalbach, LAZ"]
[Date "2013.05.13"]
[Round "3.64"]
[White "Preilowski, Benno"]
[Black "Heun, Andreas"]
[Result "0-1"]
[WhiteElo "1339"]
[BlackElo "1519"]
[PlyCount "58"]
[EventDate "2013.??.??"]
[WhiteTeam "Sfr.1891 Friedberg"]
[BlackTeam "SC Ladja Roßdorf"]

1. e4 d6 2. Nc3 g6 3. d4 Bg7 4. Be3 Nf6 5. Be2 O-O 6. Nf3 c6 7. O-O b5 8. a3 a5
9. b4 Bb7 10. Rb1 axb4 11. axb4 Ra3 12. Qd2 Qc7 13. Bd3 Nbd7 14. Ne2 Rfa8 15.
Rfd1 Ra2 16. Nc3 R2a3 17. Ne2 Nb6 18. Nc3 R3a6 19. Kf1 Na4 20. Nxa4 Rxa4 21. c3
Ra2 22. Qe1 Ng4 23. h3 Nf6 24. Rd2 c5 25. bxc5 Nxe4 26. Rxa2 Rxa2 27. Bxe4 Bxe4
28. cxd6 Qxd6 29. Rxb5 Bd3+ 0-1